Aj rádioaktívny odpad je odpad

Rádioaktivita a rádioaktívny odpad. Rádioaktívny odpad a jeho členenie. Rádioaktívny odpad z jadrovej elektrárne a jeho likvidácia. Nízko a stredne rádioaktívne odpady. Likvidácia vyhoreného paliva z jadrových elektrární. Medzisklad vyhoreného paliva. Hlbinné skladovanie vyhoreného paliva. Prepracúv...

Descrizione completa

Salvato in:
Dettagli Bibliografici
Autore principale: Urblíková, Daniela
Natura: Capitolo di libro
Lingua:slovacco
Soggetti:
Tags: Aggiungi Tag
Nessun Tag, puoi essere il primo ad aggiungerne!!

MARC

LEADER 00000naa$a2200000$$$4500
001 0112544
005 20240502072241.8
041 0 |a slo 
044 |a SK 
245 1 0 |a Aj rádioaktívny odpad je odpad  |c Daniela Urblíková 
520 |a Rádioaktivita a rádioaktívny odpad. Rádioaktívny odpad a jeho členenie. Rádioaktívny odpad z jadrovej elektrárne a jeho likvidácia. Nízko a stredne rádioaktívne odpady. Likvidácia vyhoreného paliva z jadrových elektrární. Medzisklad vyhoreného paliva. Hlbinné skladovanie vyhoreného paliva. Prepracúvanie vyhoreného paliva. 
610 2 0 |a odpad výrobný 
610 2 0 |a elektrárne atómové 
610 2 0 |a rádioaktivita 
610 2 0 |a likvidácia odpadu 
610 2 0 |a sklady 
610 2 0 |a skladovanie 
610 2 0 |a bezpečnosť 
610 2 0 |a palivá 
100 1 |a Urblíková, Daniela